|
|
|
|
| LEADER |
00850nab a2200253 i 4500 |
| 001 |
publ35964 |
| 005 |
20250210111817.0 |
| 008 |
250210s2020 hu o 000 eng d |
| 022 |
|
|
|a 1462-7264
|
| 024 |
7 |
|
|a 10.23638/DMTCS-22-1-17
|2 doi
|
| 024 |
7 |
|
|a 31366174
|2 mtmt
|
| 040 |
|
|
|a SZTE Publicatio Repozitórium
|b hun
|
| 041 |
|
|
|a eng
|
| 100 |
1 |
|
|a Balogh János
|
| 245 |
1 |
3 |
|a On the Heapability of Finite Partial Orders
|h [elektronikus dokumentum] /
|c Balogh János
|
| 260 |
|
|
|c 2020
|
| 300 |
|
|
|a 23
|
| 490 |
0 |
|
|a DISCRETE MATHEMATICS AND THEORETICAL COMPUTER SCIENCE
|v 22 No. 1
|
| 650 |
|
4 |
|a Számítás- és információtudomány
|
| 700 |
0 |
1 |
|a Bonchis Cosmin
|e aut
|
| 700 |
0 |
1 |
|a Dinis Diana
|e aut
|
| 700 |
0 |
1 |
|a Istrate Gabriel
|e aut
|
| 700 |
0 |
1 |
|a Todinca Ioan
|e aut
|
| 856 |
4 |
0 |
|u http://publicatio.bibl.u-szeged.hu/35964/1/1706.01230v5.pdf
|z Dokumentum-elérés
|